Datum a čas kvízu

13.5 Celkem bodů Celkový počet nahraných bodů na tomto kvízu bez doplňovacích otázek.
6. Pořadí na kvízu Konečné umístění týmu na tomto kvízu.

Zaznamenané odpovědi

# Otázka Odpověď Body Výsledky
1. Od minulého čtvrtka až do 23.... Kosmova kronika 0
2. Donald Trump a technika se na... eskalátor 1
3. Do televizní reality show Love... o Daru Rolins 0
4. Ve které evropské zemi nově po... v Itálii 0
5. Který divizní tým vyřadil minu... (FK) Nové Sady 1
6. Gesto, které vidíme na obrázku... 1B 2D 3C 4A 1
7. Gesto na obrázku znamená v mno... o stoletou válku 0
8. Sheldon Cooper v Teorii velkéh... papír a tapír (ještěr) 0
9. Která dvě písmena české dvouru... CH, R 0
10. Na výřezu z obrazu francouzské... paroháč (že je mu žena nevěrná) 1